000 00589nam a2200229Ia 4500
003 OSt
005 20240503101624.0
008 210329s9999||||xx |||||||||||||| ||und||
040 _cSTCPL
041 _aENG
082 _a823.01
_bSAR-C
100 _aJewett, Sarah Orne
245 4 _aThe country of the pointed firs :
_band other stories /
_cby Sarah Orne Jewett
260 _aNew York :
_bSignet Classics ,
_c2009 .
300 _a250 p.
_bPB
650 _aEnglish literature
650 _aEnglish Fiction
650 _aStories
942 _cBK
942 _2ddc
942 _2ddc
999 _c64577
_d64577